| 000 | 00000nam##2200000za#4500 |
| 001 | 9.615868 |
| 003 | CaOODSP |
| 005 | 20211126112847 |
| 007 | ta |
| 008 | 150406|2001||||xxc||||| f|0| 0 eng|d |
| 020 | |a0-662-31519-7 |
| 022 | |a1192-5434 |
| 040 | |aCaOODSP|beng |
| 043 | |an-cn--- |
| 086 | 1 |aFB3-2/101-23E |
| 110 | 2 |aBank of Canada. |
| 245 | 10|aModelling mortgage rate changes with a smooth transition error-correction model / |cby Ying Liu. |
| 260 | |aOttawa - Ontario : |bBank of Canada |c2001. |
| 300 | |av, 23p. : |bgraphs, tables ; |c28 cm. |
| 490 | 1 |aWorking paper|x1192-5434|v2001-23 |
| 500 | |a"This paper uses a smooth transition error-correction model (STECM) to model the one-year and five-year mortgage rate changes. The model allows for a non-linear adjustment process of mortgage rates towards their long-run equilibrium."--Abstract. |
| 504 | |aBibliography. |
| 546 | |aRésumés en français |
| 563 | |aSoftcover |
| 590 | |a02-01|b2002-01-04 |
| 690 | 07|aMortgage loans|2gcpds |
| 690 | 07|aModels|2gcpds |
| 720 | 1 |aLiu, Ying |
| 776 | 0#|tModelling mortgage rate changes with a smooth transition error-correction model / |w(CaOODSP)9.571577 |
| 830 | #0|aWorking paper,|x1192-5434|v2001-23|w(CaOODSP)9.514622 |